000 00331nam a22001457a 4500
008 210312b ||||| |||| 00| 0 eng d
020 _a9780471415015
041 _aeng
080 _210th
_a611
082 _a611
100 _a6
101 _aANA
245 _aPrinciples of Anatomy & Physiology
_cTortora, G.J
942 _2udc
_cBK
999 _c56583
_d56583